LEADER 01016nam0-2200349---450- 001 990009350880403321 005 20110906152229.0 035 $a000935088 035 $aFED01000935088 035 $a(Aleph)000935088FED01 035 $a000935088 100 $a20110429d1958----km-y0itay50------ba 101 0 $aeng 102 $aUS 105 $aa-------001yy 200 1 $aBailey's textbook of histology$fBy R. Frederick Bailey$grevised by Wilfred M. Copenhaver and Dorothy D. Johnson 205 $a14th ed 210 $aBaltimore$cWilliam & Wilkins$d1958 215 $aXIII, 633 p.$cill.$d24 cm 517 1 $aTextbook of histology 610 0 $aIstologia 676 $a571.5 700 1$aBailey,$bFrederick R.$0104123 702 1$aJohnson,$bDorothy D. 702 1$aCopenhaver,$bWilfred M. 801 0$aIT$bUNINA$gRICA$2UNIMARC 901 $aBK 912 $a990009350880403321 952 $aIIId C 68$b2103$fDMVSF 959 $aDMVSF 996 $aBailey's textbook of histology$9762615 997 $aUNINA LEADER 01153cam0-22003851i-450 001 990007155900403321 005 20230801142703.0 010 $a88-07-10244-7 100 $a20021021d1998----km-y0itay50------ba 101 0 $aita 102 $aIT 105 $ay-------001yy 200 1 $aAutogoverno o controllo della magistratura?$eil modello italiano di Consiglio superiore$fEdmondo Bruti Liberati , Livio Pepino 210 $aMilano$cFeltrinelli$dİ1998 215 $a211 p.$d22 cm 225 1 $aCampi del sapere 610 0 $aConsiglio superiore della magistratura 676 $a347.4$v20$zita 700 1$aBruti Liberati,$bEdmondo$f<1945- >$0381189 701 1$aPepino,$bLivio$0122328 801 0$aIT$bUNINA$gREICAT$2UNIMARC 901 $aBK 912 $a990007155900403321 952 $aXI PGR 3$fDFD 952 $aVIII F 44$b2890$fDDCIC 952 $aI A 162$b32992$fFSPBC 952 $aFL POL 45$bFL-784$fDECBC 952 $aMAR / BRU 1$b10109$fBFS 959 $aDDCIC 959 $aDFD 959 $aFSPBC 959 $aDECBC 959 $aBFS 996 $aAutogoverno o controllo della magistratura$91736212 997 $aUNINA